Music Quiz

Random Music Quiz

Almost by Bowling for Soup Quiz Stats

 Plays Quiz not verified by Sporcle

Challenge
Share
Tweet
Embed
Score 0/254 Timer 10:00
0 Plays Today
Lyric % Correct
I
99.6%
I
99.6%
I
99.6%
I
99.6%
I
99.6%
I
99.6%
I
99.6%
I
99.6%
I
99.6%
I
99.6%
I
99.6%
I
99.6%
I
99.6%
I
99.6%
I
99.6%
I
99.6%
I
99.6%
I
99.6%
I
99.6%
I
99.6%
I
99.6%
I
99.6%
I
99.6%
I
99.6%
I
99.6%
a
98.9%
a
98.9%
a
98.9%
a
98.9%
a
98.9%
a
98.9%
a
98.9%
a
98.9%
a
98.9%
almost
98.5%
almost
98.5%
almost
98.5%
almost
98.5%
almost
98.5%
almost
98.5%
almost
98.5%
Almost
98.5%
almost
98.5%
almost
98.5%
almost
98.5%
almost
98.5%
almost
98.5%
almost
98.5%
almost
98.5%
Almost
98.5%
almost
98.5%
almost
98.5%
almost
98.5%
the
96.7%
you
96.7%
you,
96.7%
you
96.7%
the
96.7%
you
96.7%
the
96.7%
you
96.7%
you
96.7%
you
96.7%
You
96.7%
you.
96.7%
you
96.7%
the
96.7%
the
96.7%
you
96.7%
got
96.3%
out
96.3%
out
96.3%
had
96.3%
got
96.3%
got
96.3%
had
96.3%
had
96.3%
had
96.3%
had
96.3%
with
96%
to
96%
to
96%
with
96%
to
96%
to
96%
Lyric % Correct
And
96%
and
96%
with
96%
with
96%
and
96%
to
96%
to
96%
to
96%
And
96%
and
96%
and
96%
to
96%
to
96%
and
96%
to
96%
and
96%
but
95.6%
but
95.6%
but
95.6%
but
95.6%
but
95.6%
but
95.6%
made
95.2%
made
95.2%
be
94.9%
Miss
94.5%
loved
93.8%
loved
93.8%
loved
93.8%
queen.
93.4%
on
93.4%
on
93.4%
go
93.4%
where
93%
Who
93%
lost
93%
where
93%
for
93%
it.
93%
where
93%
for
93%
it
93%
it
93%
it
93%
it
93%
it
93%
at
92.7%
at
92.7%
homecoming
92.7%
went
92.7%
Texas
92.7%
much
92.7%
it
92.7%
wish
92.3%
wish
92.3%
we
92.3%
school
91.9%
bigger
91.9%
would
91.9%
me
91.6%
me
91.6%
me
91.6%
guess
91.2%
that
91.2%
That
91.2%
guess
91.2%
that
91.2%
breastes
90.8%
day.
90.8%
too.
90.8%
too.
90.8%
LA
90.5%
fourteen
90.1%
doesn't
89.4%
doesn't
89.4%
was
88.6%
drunk
88.3%
move
88.3%
did
88.3%
then
88.3%
then
88.3%
he
87.9%
of
87.9%
famous
87.5%
****
87.2%
Lyric % Correct
cut
87.2%
cut
87.2%
away
86.8%
away!
86.8%
more,
86.4%
seven
85.7%
up
85.3%
up
85.3%
years
85%
'cause
85%
'cause
85%
'cause
85%
have
85%
cause
85%
drugs.
84.6%
five
83.9%
ask
83.9%
fight
83.5%
stay.
83.5%
off
82.4%
hooked
81.7%
would've
81%
would've
81%
bunch
80.6%
store,
79.9%
ran
79.9%
grocery
79.5%
thug,
79.1%
nerve
78.4%
my
78%
all
78%
all
78%
didn't
77.3%
know
77.3%
know
77.3%
now
75.8%
I'm
75.8%
I'm
75.8%
wished
75.5%
held
74.7%
time
74.7%
about
74.7%
dropped
74.4%
missing
74.4%
about
74.4%
threw
74.4%
song
72.5%
even
72.2%
today,
71.4%
kept
71.1%
spend
71.1%
guessing
70.7%
in
70.7%
wrote
70.3%
tore
70.3%
can't
68.5%
can't
68.5%
destined
64.1%
myself.
64.1%
keep
63.7%
ton.
63%
say
62.6%
if
62.3%
done,
61.9%
I'll
61.5%
remember
61.2%
something
61.2%
need
60.8%
our
60.8%
one...
60.8%
things
59.7%
could've
59.3%
else
59.3%
forgot
59%
popped
58.6%
gonna
58.6%
baggage
58.2%
weighs
57.9%
problems
57.5%
Here
57.1%
forklift
56.8%
thinking
56%
fit
53.1%
42.5%

You're not logged in!

Compare scores with friends on all Sporcle quizzes.
Join for Free
OR
Log In

You Might Also Like...

Show Comments

Extras

Created Feb 7, 2015ReportNominate
Tags:bowling, soup

Top Quizzes Today


Score Distribution

Your Account Isn't Verified!

In order to create a playlist on Sporcle, you need to verify the email address you used during registration. Go to your Sporcle Settings to finish the process.

Report this User

Report this user for behavior that violates our Community Guidelines.

Details: